| 000 | 01183nab a2200229 i 4500 | ||
|---|---|---|---|
| 001 | 768714001 | ||
| 003 | CO-MdFUSB | ||
| 005 | 20240814140150.0 | ||
| 008 | 240814t1923 cr ||||| |||| 00| 0 eng d | ||
| 040 |
_bspa _cCO-MdFUSB _dCO-MdFUSB |
||
| 041 | _aeng | ||
| 245 | _aLife with broad margins | ||
| 520 | _aNo se hace mención de pobreza ni de restricciones en el Nuevo Testamento para quienes creen en Jesucristo. Para la salvación, referente a cosas materiales, la abundancia de vida satisfará lo que le falta. En cuanto a la respuesta a la oración, Dios dará más de lo que se le pida. Y cuando se trata del poder, el límite es "todo poder en el cielo y en la tierra", mientras que para el trabajo "obras mayores que éstas" esperan a quienes sean capaces de creer en Jesús. | ||
| 546 | _aTexto en inglés. | ||
| 650 | 7 |
_aHermenéutica bíblica _97333 |
|
| 650 | 0 |
_aEvangelización _9362 |
|
| 650 | 0 |
_aPredicación _954 |
|
| 650 | 7 |
_aMisioneros _9931 |
|
| 773 | 0 |
_070761 _982969 _oR2742.0. _tLatin America Mission _w(CO-MdFUSB)768714001 _gVolumen 3, (número 8, 1924), páginas: 3 - 4 _qpágina: 3 |
|
| 942 | _cANA | ||
| 945 | _aCatherine Arias Álvarez - Practicante SENA | ||
| 999 |
_c70829 _d70829 |
||